Statistics for Countries Closest to Jamaica - 15 Second Sprint

Click here to take the quiz!

General Stats

  • This quiz has been taken 37 times
  • The average score is 5 of 20

Answer Stats

kmcountrymiles% Correct
146Cuba91
88%
188Haiti117
63%
755United States469
56%
916Mexico569
50%
416Bahamas258
47%
448Dominican Republic279
34%
999Belize621
22%
883Aruba548
19%
1087Guatemala676
16%
624Honduras388
16%
1414St Kitts and Nevis879
16%
995Costa Rica618
13%
927Panama576
13%
1515Antigua and Barbuda941
9%
624Nicaragua388
9%
1381Sint Maarten858
6%
973Curaçao605
3%
832Venezuela517
3%
766Colombia476
0%
1115El Salvador693
0%

Score Distribution

Percentile by Number Answered

Percent of People with Each Score

Your Score History

You have not taken this quiz